神, 啟示, 權威 : (Record no. 38681)
[ view plain ]
| 000 -LEADER | |
|---|---|
| fixed length control field | 00633cam a22001937i 4500 |
| 001 - CONTROL NUMBER | |
| control field | 00024132 |
| 008 - FIXED-LENGTH DATA ELEMENTS--GENERAL INFORMATION | |
| fixed length control field | 891230s1983 ch 000 0 chi d |
| 040 ## - CATALOGING SOURCE | |
| Language of cataloging | chi |
| Transcribing agency | BSOP |
| 041 1# - LANGUAGE CODE | |
| Language code of text/sound track or separate title | chi |
| Language code of original and/or intermediate translations of text | eng |
| 050 ## - LIBRARY OF CONGRESS CALL NUMBER | |
| Classification number | BR1640.A25 |
| 245 00 - TITLE STATEMENT | |
| Title | 神, 啟示, 權威 : |
| Remainder of title | 神的曉諭及彰顯十五篇論述:第一部分/ |
| Statement of responsibility, etc | 亨利 Carl F. H. Henry 著 ; 康來昌譯 |
| 260 ## - PUBLICATION, DISTRIBUTION, ETC. (IMPRINT) | |
| Place of publication, distribution, etc | 臺北市 : |
| Name of publisher, distributor, etc | 中華福音神學院, |
| Date of publication, distribution, etc | 民72. |
| 300 ## - PHYSICAL DESCRIPTION | |
| Extent | 4 冊 ; |
| Dimensions | 21 公分 |
| 534 ## - ORIGINAL VERSION NOTE | |
| Title statement of original | 譯自 : God, revelation and authority. |
| 700 1# - ADDED ENTRY--PERSONAL NAME | |
| Personal name | 康來昌 |
| 700 3# - ADDED ENTRY--PERSONAL NAME | |
| Personal name | 亨利 |
| Titles and other words associated with a name | (Henry, Carl F. H.) |
| 740 0# - ADDED ENTRY--UNCONTROLLED RELATED/ANALYTICAL TITLE | |
| Uncontrolled related/analytical title | God, revelation and authority. |
| 942 ## - ADDED ENTRY ELEMENTS (KOHA) | |
| Source of classification or shelving scheme | Library of Congress Classification |
| Item type | Books |
| Withdrawn status | Lost status | Source of classification or shelving scheme | Damaged status | Not for loan | Home library | Current library | Shelving location | Date acquired | Accession number | Total Checkouts | Full call number | Barcode | Date last seen | Price effective from | Koha item type |
|---|---|---|---|---|---|---|---|---|---|---|---|---|---|---|---|
| Library of Congress Classification | BSOP Library | BSOP Library | Chinese Books (General Circulation) | 07/01/2015 | C-13634 | CH 2 BR 1640.A25 H46 | 00046035 | 07/01/2015 | 07/01/2015 | Books |
